000 00391nam a2200145Ia 4500
008 240729s9999 xx 000 0 und d
022 _a1897-4295
245 0 _aAdvances in Interventional Cardiology
260 _aPoland
260 _bTermedia Publishing House
650 _aMedicine
856 _uhttps://doaj.org/toc/dfc13ccdfcf041fb9fe7528e51f926b5
942 _2ddc
942 _cDOAJEJ
999 _c68499
_d68499
945 _a1
_bMadushi Gamage
_c1
_dMadushi Gamage